000 01252nas a2200277 c 4500
003 BLK
005 20180421003041.0
008 180413b bul raner|||| |0| c1bulo|
010 _aPRD00006065000
022 _a1310-9804
040 _aBLK
041 _aBUL
_cBUL
080 _aЛиберални партии
_b329.12
_x(497.2)ЛДП
_z329.12(497.2)ЛДП
110 1 _aЛиберално-демокр. партия
_eРед. кол.: Николай Няголов
_9358882
245 1 0 _aСВОБОДА
_bПеч. орган на Либерално-демокр. партия
_cЛиберално-демокр. партия ; Ред. кол.: Николай Няголов
_fНачална год. на издаване: Год.1, № 1 (1996), Крайна год. на издаване: 2003
257 _aBGR
260 София
_bЛиберално-демокр. партия
_c1997
_fБез сведение за печ.
300 _c30
310 периодичност: 5
_cдепозит за: 2005
_eсрок за съхранение: 99
380 _a3
852 _aВ 1165
856 _qpdf
_u
856 _qpdf
_u
942 _cNSP
_n0
_s1
944 _aCR
_cЙордан_Досев
_k15.01.2003
944 _aED
_cВаня_Йорданова
_k06.07.2017
999 _c292570
_d292570